A Bibó-szövegvilág utóélete
Elmentve itt :
| Szerző: | |
|---|---|
| Adatforrás: | Philobibl |
| Forrásdokumentuma: | Kalligram 20.2011:7-8. p. 125-131. |
| Dokumentumtípus: | Cikk |
| Nyelv: | magyar |
| Kulcsszavak: | politikaelmélet Bibó-recepció Bibó István |
| Online elérés: | előfizetéssel hozzáférhető |
| LEADER | 00525nab a2200145 c 4500 | ||
|---|---|---|---|
| 001 | bibPHI0042077 | ||
| 005 | 20240305143651.6 | ||
| 008 | 110722s2011 xo hun | ||
| 100 | 1 | |a Szolcsányi Ákos | |
| 245 | 1 | 2 | |a A Bibó-szövegvilág utóélete |c Szolcsányi Ákos |
| 695 | |a politikaelmélet | ||
| 695 | |a Bibó-recepció | ||
| 695 | |a Bibó István | ||
| 773 | 0 | |t Kalligram |g 20.2011:7-8. p. 125-131. | |
| 856 | 4 | 1 | |3 Full text |u https://adt.arcanum.com/hu/view/KalligramMuveszetEsGondolat_2011/?pg=772&layout=s |z előfizetéssel hozzáférhető |